00337nam a2200121Ia 4500008004100000041000800041082001700049100002000066245004400086260004400130300003000174365001100204240624s9999 xx 000 0 und d aeng a332.6452 KLE aKLEINMAN GEORGE aCOMMODITY FUTURES AND OPTIONS A STEP BY c2002aNew DelhibPearson Education Asia axx, : 268 : p. : cm. ; 23 cRSb20